000 01016nam a2200301 i 4500
001 000043245
003 DO-SdBNP
005 20250131095805.0
007 ta
008 100804s2010 dr r 000 f spa d
020 _a9789945870732
040 _aDO-SdBNP
_bspa
_cBNPHU
_erda
041 _aspa
082 4 _aRD863.44
_bT266v
_222
100 1 _aTejada Holguín, Ramón,
_d1961-
_eautor
_4aut.
_929856
245 1 3 _aLa verdadera historia de la mujer que era incapaz de amar /
_cRamón Tejada Holguín.
264 4 _aSanto Domingo :
_bDirección General de la Feria del Libro ,
_c©2010.
300 _a140 páginas ;
_c23 cm.
336 _ardacontent
_btexto
_2txt
337 _ardamedia
_bsin mediación
_2n
338 _ardacarrier
_bvolumen
_2nc
500 _aIncluye datos biográficos del autor en la solapa de la cubierta.
590 _aInventariado, 2020/BT
650 4 _aNovela dominicana
_9223
650 4 _aLiteratura dominicana.
_967
910 _aValidado. Control de calidad MFF
942 _2ddc
_cLBS1
999 _c42734
_d42734